中老昆万铁路所有客运车站 Kunming-Vientiane Railway stations - Statistics

General Stats
  • This quiz has been taken 12 times
  • The average score is 13 of 25
Answer Stats
地市/省份 车站 老挝文站名 % Correct
昆明 昆明南
100%
玉溪 玉溪
100%
普洱 普洱
100%
琅勃拉邦省 琅勃拉邦 ສະຖານີ ຫຼວງພະບາງ
100%
万象首都市 万象 ສະຖານີ ນະຄອນຫຼວງວຽງຈັນ
100%
西双版纳 西双版纳
91%
西双版纳 勐腊
82%
西双版纳 磨憨
82%
玉溪 元江
64%
普洱 墨江
64%
普洱 宁洱
64%
玉溪 峨山
55%
西双版纳 野象谷
55%
万象省 万荣 ສະຖານີ ວັງວຽງ
45%
西双版纳 橄榄坝
36%
琅南塔省 磨丁 ສະຖານີ ບໍ່ເຕັນ
36%
玉溪 化念
27%
昆明 化城(缓开)
18%
琅南塔省 纳堆 ສະຖານີ ນາເຕີຍ
18%
乌多姆塞省 纳磨 ສະຖານີ ນາໝໍ້
18%
万象省 嘎西 ສະຖານີ ກາສີ
18%
昆明 晋宁东(缓开)
9%
乌多姆塞省 孟赛 ສະຖານີ ເມືອງໄຊ
9%
乌多姆塞省 孟阿 ສະຖານີ ເມືອງງາ
9%
万象省 蓬洪 ສະຖານີ ໂພນໂຮງ
9%
No matching quizzes found
Score Distribution
Percent of People with Each Score
Percentile by Number Answered
Your Score History
You have not taken this quiz